| 000 | 02137cam a2200409 a 4500 | ||
|---|---|---|---|
| 001 | 16858201 | ||
| 003 | OSt | ||
| 005 | 20180117085939.0 | ||
| 008 | 110706s2013 caua b 001 0 eng | ||
| 010 | _a 2011933697 | ||
| 020 | _a9781111831004 | ||
| 020 | _a1111831009 | ||
| 040 |
_aDLC _cDLC _dDLC |
||
| 042 | _apcc | ||
| 050 | 0 | 0 |
_aQP360 _b.K33 2013 |
| 082 | 0 | 0 |
_a612.8 _223 |
| 100 | 1 | _aKalat, James W. | |
| 245 | 1 | 0 |
_aBiological psychology / _cJames W. Kalat. |
| 250 | _a11th ed. | ||
| 260 |
_aBelmont, CA : _bWadsworth, Cengage Learning , _cc2013. |
||
| 300 |
_axx, 577 p. : _bill. (some col.) ; _c29 cm. |
||
| 504 | _aIncludes bibliographical references and indexes. | ||
| 650 | 0 |
_aNeuropsychology _vTextbooks. |
|
| 650 | 0 |
_aPsychobiology _vTextbooks. |
|
| 856 | 4 | 2 |
_3Contributor biographical information _uhttp://www.loc.gov/catdir/enhancements/fy1303/2011933697-b.html |
| 856 | 4 | 2 |
_3Publisher description _uhttp://www.loc.gov/catdir/enhancements/fy1303/2011933697-d.html |
| 856 | 4 | 1 |
_3Table of contents only _uhttp://www.loc.gov/catdir/enhancements/fy1303/2011933697-t.html |
| 906 |
_a7 _bcbc _corigcop _d3 _eepcn _f20 _gy-gencatlg |
||
| 942 |
_2ddc _cBK |
||
| 999 |
_c2389 _d2389 |
||